000
00329nam a2200145Ia 4500
100
_a
Bhirud/G.N
942
_c
BK
654
_a
mathematics
245
_a
Engineering mathematics for degree courses
260
_b
Shree Engineering pub.
_a
Bombay
_c
1991
082
_a
510
_b
BHI
300
_a
237
546
_a
ENGLISH
999
_c
29378
_d
29378